000 00862nam0a22002411 4500
001 rc\2904680
005 20110801011638.2
035 _a(NLR Aleph) 007055833
090 _a6236446
_c6236446
100 _a20110801d1930 |||y0rusy50 ca
101 0 _arus
102 _aRU
105 _ay z |||||
200 1 _aСоциалист-утопист в оценке современников
210 _aМосква
_aЛенинград
_cБ. и.
_d1930
215 _aС. 276-288
300 _aВ кн.: М.Е. Салтыков. Сказки. Ред. и комментарии Н.К. Пиксанова. Изд. 2-е перер. М.-Л. 1930. С. 275-288
700 1 _aОльминский
_bМ. С.
_f1863-1933
_gМихаил Степанович
801 0 _aRU
_bNLR
_gpsbo
801 1 _aRU
_bELAR
_2rusmarc
852 _aNLR
_j30.3/602
942 _cBOOK
980 _aNB